00226nam a2200085Ia 450000500170000000800410001708200150005810000350007324500320010820251222154329.0251222s9999||||xx |||||||||||||| ||spa|| a869.26/G63 a"Gómez de la Serna, Ramón" 0aEl caballero del hongo gris